Principles of heat transfer (Record no. 29184)

000 -LEADER
fixed length control field 00559nam a22002051 4500
001 - CONTROL NUMBER
control field 29184
003 - CONTROL NUMBER IDENTIFIER
control field BD-DhUET
008 - FIXED-LENGTH DATA ELEMENTS--GENERAL INFORMATION
fixed length control field 721213s1973 paua b 000 0 eng
040 ## - CATALOGING SOURCE
Original cataloging agency DLC
Transcribing agency DLC
Modifying agency BD-DhUET
082 00 - DEWEY DECIMAL CLASSIFICATION NUMBER
Classification number 621.011
Item number KRE/1973
100 ## - MAIN ENTRY--PERSONAL NAME
Personal name Kreith, Frank
245 10 - TITLE STATEMENT
Title Principles of heat transfer
250 ## - EDITION STATEMENT
Edition statement 3rd ed.
260 ## - PUBLICATION, DISTRIBUTION, ETC. (IMPRINT)
Place of publication, distribution, etc. New York
Name of publisher, distributor, etc. Harper & Row
Date of publication, distribution, etc. 1973
300 ## - PHYSICAL DESCRIPTION
Extent xvi, 656 p.
Other physical details ill.
Dimensions 24 cm.
490 ## - SERIES STATEMENT
Series statement Intext series in mechanical engineering
504 ## - BIBLIOGRAPHY, ETC. NOTE
Bibliography, etc Includes bibliographies
650 #0 - SUBJECT ADDED ENTRY--TOPICAL TERM
Topical term or geographic name as entry element Heat transfer engineering
942 ## - ADDED ENTRY ELEMENTS (KOHA)
Koha item type General Book
Holdings
Shelving location Not for loan Date acquired Piece designation (barcode) Location (home branch) Sublocation or collection (holding branch) Koha date last seen Koha item type Withdrawn status Price effective from Copy number Koha full call number Lost status Source of classification or shelving scheme Koha normalized classification for sorting Damaged status
Reading section 2015-06-1665715Central Library, BUETCentral Library, BUET2015-06-16Reading Item 2015-06-161621.011/KRE/1973  621_011000000000000_KRE_1973 
Reading section 2015-06-1647424Central Library, BUETCentral Library, BUET2015-06-16Reading Item 2015-06-162621.011/KRE/1973  621_011000000000000_KRE_1973 
Reading section 2015-06-2828549Central Library, BUETCentral Library, BUET2015-06-28Reading Item 2015-06-283621.011/KRE/1973  621_011000000000000_KRE_1973 
Reading section 2015-07-0265716Central Library, BUETCentral Library, BUET2015-07-02Reading Item 2015-07-024621.011/KRE/1973  621_011000000000000_KRE_1973